000 00451nam a22001697a 4500
005 20150206141750.0
008 150206b xxu||||| |||| 00| 0 eng d
040 _aLoreto College
041 _aBengali
082 _a510
_bWBC
245 _aAmar ganit (Class-III)
_cWest Bengal Board of Primary Education
260 _aKolkata
_bWest Bengal Board
_c2013
300 _a195p.
_b24cm.
650 _aPrimary Mathematics
850 _aLCBED
942 _cBK
999 _c39795
_d90274